000
00227nam a22001097a 4500
003
OSt
008
241202b |||||||| |||| 00| 0 eng d
041
_a
eng
100
_a
Kovilan
_9
6417
245
_a
Eezhaam Maadangal
942
_c
BK
999
_c
18155
_d
18155